Science Quiz

Random Science or Animal Quiz

European Mammals Quiz Stats

 Plays Quiz Updated Jan 30, 2015

Challenge
Share
Tweet
Score 0/20 Timer 05:00
0 Plays Today
# European Mammal % Correct
7Eurasian elk
96.5%
13Eurasian red squirrel
94.8%
4Mediterranean monk seal
94.5%
18Atlantic white-sided dolphin
92.6%
17Eurasian brown bear
90.5%
1Arctic fox
90.3%
10European bison
90%
6European mole
86.7%
3Wild boar
85.8%
5Western European Hedgehog
85.6%
# European Mammal % Correct
2European badger
84.1%
8European brown hare
82.5%
15Red Deer
82.1%
9Hazel dormouse
79.6%
20Human
76.3%
19Eurasian lynx
70.2%
12Narwhal
68.5%
16European mink
63.1%
11Alpine ibex
61.7%
14Eurasian water shrew
37.4%

You're not logged in!

Compare scores with friends on all Sporcle quizzes.
Join for Free
OR
Log In

You Might Also Like...

Show Comments

Extras

Top Quizzes Today


Score Distribution

Your Account Isn't Verified!

In order to create a playlist on Sporcle, you need to verify the email address you used during registration. Go to your Sporcle Settings to finish the process.

Report this User

Report this user for behavior that violates our Community Guidelines.

Details: